Double-dare to be scared / (Record no. 3646)

MARC details
000 -LEADER
fixed length control field 00731nam a22002417a 4500
001 - CONTROL NUMBER
control field 3646
003 - CONTROL NUMBER IDENTIFIER
control field FISKH
005 - DATE AND TIME OF LATEST TRANSACTION
control field 20240402115505.0
008 - FIXED-LENGTH DATA ELEMENTS--GENERAL INFORMATION
fixed length control field 240402b cb ||||| |||| 00| 0 eng d
040 ## - CATALOGING SOURCE
Original cataloging agency FISK
Language of cataloging eng
Transcribing agency FISK
Modifying agency FISK
050 ## - LIBRARY OF CONGRESS CALL NUMBER
Classification number PZ7.S1947
082 ## - DEWEY DECIMAL CLASSIFICATION NUMBER
Classification number 398.25
100 ## - MAIN ENTRY--PERSONAL NAME
Personal name San Souci Robert D
Dates associated with a name 1946-2014
245 ## - TITLE STATEMENT
Title Double-dare to be scared /
Statement of responsibility, etc. Robert D. San Souci
260 ## - PUBLICATION, DISTRIBUTION, ETC.
Place of publication, distribution, etc. New York :
Name of publisher, distributor, etc. Scholastic,
Date of publication, distribution, etc. 2006
300 ## - PHYSICAL DESCRIPTION
Extent 170 pages :
Dimensions 20 cm
505 ## - FORMATTED CONTENTS NOTE
Formatted contents note Q
520 ## - SUMMARY, ETC.
Summary, etc. Presents a collection of thirteen original horror stories of witches, ghosts, and best friends who return from the dead.
521 8# - TARGET AUDIENCE NOTE
Target audience note 910
Source Lexile
700 ## - ADDED ENTRY--PERSONAL NAME
Personal name Robert D. San Souci
942 ## - ADDED ENTRY ELEMENTS (KOHA)
Source of classification or shelving scheme Dewey Decimal Classification
Koha item type Books
Suppress in OPAC No
Holdings
Withdrawn status Lost status Source of classification or shelving scheme Damaged status Not for loan Collection Home library Current library Shelving location Date acquired Total Checkouts Full call number Barcode Date last seen Date last checked out Price effective from Koha item type
    Dewey Decimal Classification     Fiction Footprints International School Library Network Toul Kork Campus Footprints International School Library Network Toul Kork Campus TTP Secondary Fiction Bookshelves 04/02/2024 1 SOU PZ7.S1947 398.25 2024-0446 10/18/2024 09/05/2024 04/02/2024 Books